00307nam a2200109Ia 4500008004100000041000800041082001600049100001400065245007200079260003700151300000900188230627s9999 xx 000 0 und d aeng a346.86bJOS aJoshi.K.C aThe Employees State Insurance Act,1948 With Rulas And Registration bBharat Law House Pvt. Ltd.c1979 a194p